000 01987nam a2200361 a 4500
003 BLK
005 20240930162336.0
008 181031b bu |||||r|||| 00| | bu d
020 _a978-619-195-151-2
020 _a9786191951512
040 _aBLK
041 _aBUL
_cBUL
080 _aИзявени музиканти и изпълнители
_b781.071.1
_x(092)
_z78.071.1(092)
_9231719
080 _aАмериканска певица, актриса, авторка на песни и продуцентка.
_b929 Ноулс-Картър, Бийонсе Жизел
_z929 Ноулс-Картър, Бийонсе Жизел
_9493632
084 _aН 92
100 _aРобъртс, Крис
_91299
245 _aБионсеграфика
_bилюстрирана биография на гения на Бионсе Ноулс
_cКрис Робъртс ; [ил. Марко Джанини] ; [прев. от англ. ез. Красимира Матева].
260 _9214104
_aСофия
_bКнигомания
_c2017
_fКитай
300 _a256 с.
_bс ил., диагр., фотогр.
_c24 см
380 _a7
500 _aОриг. загл.: Beyoncégraphica / Cris Roberts Имената на ил., прев. отбелязани в изд. каре Името на авт. Chris Roberts погрешно отпеч. в изд. каре Cris Roberts
600 0 _9493634
_aНоулс-Картър, Бийонсе Жизел
650 0 _9257155
_aМузикални изпълнители, американски
650 7 _9165916
_aПевци, американски
650 0 _9319638
_aМузика - САЩ
700 _9493635
_aДжанини, Марко
700 1 _aМатева, Красимира Иванова
_d1962 -
_994117
852 _aЦб 291122
_bЦб
852 _bИП
_c78.071.1(092)/Н 92 Б
942 _cKNG
_n0
944 _aCR
_c2024-07-09
_k30560
_lГеновева Генчева
999 _c325814
_d325814
999 _d325814